000 00663nam a2200181 i 4500
001 90415
003 ES-MaACL
005 20230906180433.0
007 t|
008 050120s1948 sp ||||1| spa d
245 0 0 _aLegislación sobre los impuestos especiales de alcoholes, azúcares, achicoria y cerveza /
_cpor Eugenio Alcalá del Olmo, José Ordoñez Beyxer y Luis Velasco de Toledo.
260 _aMadrid :
_b[s.n.],
_c1948 (
_fUguina)
300 _a847 p. :
_bil. ;
_c20 cm.
700 1 _aAlcalá del Olmo, Eugenio.
_919457
700 1 _aOrdóñez Beyxer, José.
_987196
700 1 _aVelasco de Toledo, Luis.
_9113754
852 _aES-MaACL
_jC-5586
_bR.26237
999 _c90415
_d90415